| 000 | 00613nam a22002057a 4500 | ||
|---|---|---|---|
| 008 | 200922b ||||| |||| 00| 0 eng d | ||
| 010 | _a67685163887 | ||
| 040 | _erda | ||
| 050 | _a67685163887 | ||
| 082 | _aDVD | ||
| 092 | _aDVD | ||
| 245 | _aLove, Fall, & Order | ||
| 246 | _aLove, Fall and Order | ||
| 264 |
_aCrown Media Productions, LLC, _bNew York, New York, _c2019. |
||
| 300 |
_a1 DVD, 84 minutes; _bsound, color; _c4 3/4 in. |
||
| 336 | _atwo-dimensional moving image | ||
| 337 | _avideo | ||
| 338 | _avideodisc | ||
| 942 |
_2ddc _cDVD |
||
| 999 |
_c353670 _d353670 |
||